Accueil du nouveau-né au CADA d’Eysines : entre l’intimité de la langue maternelle et la socialisation dans la langue d’adoption. Quelle place pour l’interprète ? (notice n° 1632137)

détails MARC
000 -LEADER
fixed length control field 02905cam a2200217 4500500
005 - DATE AND TIME OF LATEST TRANSACTION
control field 20260111112351.0
041 ## - LANGUAGE CODE
Language code of text/sound track or separate title fre
042 ## - AUTHENTICATION CODE
Authentication code dc
100 10 - MAIN ENTRY--PERSONAL NAME
Personal name Sanca, Roxana
Relator term author
245 00 - TITLE STATEMENT
Title Accueil du nouveau-né au CADA d’Eysines : entre l’intimité de la langue maternelle et la socialisation dans la langue d’adoption. Quelle place pour l’interprète ?
260 ## - PUBLICATION, DISTRIBUTION, ETC.
Date of publication, distribution, etc. 2017.<br/>
500 ## - GENERAL NOTE
General note 45
520 ## - SUMMARY, ETC.
Summary, etc. C’est le partage d’une expérience interculturelle d’un atelier « Conte en langues » pour quatre enfants de groupes d’appartenance différents, âgés de 6 à 10 ans. Tous présentent des traits autistiques associés à des troubles du comportement.Il est discuté de l’intérêt de développer une pratique professionnelle « métissée » pour mieux accueillir les expressions et les violences archaïques de ces jeunes et, faire tenir le cadre que nous leur proposons, tout en leur garantissant un cadre malléable qui n’ait pas perdu ses potentialités socio-thérapeutiques. Dans ce vécu expérientiel, nous soutenons l’importance du contage en langues kanak, wallisienne et française comme fonction de « holding » interculturel, vecteur de transformation de leur violence.
520 ## - SUMMARY, ETC.
Summary, etc. This involves an intercultural sharing workshop entitled « Tales in Languages » for four children aged six to ten years old from different ethnic groups. All present autistic traits associated with behavior disorders.The importance of developing a cross-cultural professional practice is discussed to better accommodate the expressions and the archaic violence of these young people and to maintain a flexible framework we propose while not losing its socio-therapeutic potential. In this life experience, we support the importance of telling tales in Kanak, Wallisian and in French as a function of an intercultural “holding” vector for transforming their violence.
520 ## - SUMMARY, ETC.
Summary, etc. Es compatir una experiencia intercultural taller « Cuentos en lenguaje » cuatro niños del grupo de pertenencia a différentes, entre 6 y 10 años. Todo muestra rasgos autistas asociads a trastornos de comportamiento.Él discutio el interés para desarrollar una practica profesional atravesada por las expresiones y la volencia arcaica de estos jovenes y, sujette el marco que les ofrecemos todos ellos garantizando un marco flexible que no pierde su potencial socialtherapeutic. En esta experiencia vivencial, apoyando la importancia en lenguas kanak, wallis y francés como función de el « holding » intercultural, de vector de transformation de la volencia.
700 10 - ADDED ENTRY--PERSONAL NAME
Personal name Allafort, Céline
Relator term author
700 10 - ADDED ENTRY--PERSONAL NAME
Personal name Mantrach, Zineb
Relator term author
700 10 - ADDED ENTRY--PERSONAL NAME
Personal name Postolache, Irina
Relator term author
786 0# - DATA SOURCE ENTRY
Note L'autre | Volume 18 | 1 | 2017-10-10 | p. 103-109 | 1626-5378
856 41 - ELECTRONIC LOCATION AND ACCESS
Uniform Resource Identifier <a href="https://shs.cairn.info/revue-l-autre-2017-1-page-103?lang=fr&redirect-ssocas=7080">https://shs.cairn.info/revue-l-autre-2017-1-page-103?lang=fr&redirect-ssocas=7080</a>

Pas d'exemplaire disponible.

PLUDOC

PLUDOC est la plateforme unique et centralisée de gestion des bibliothèques physiques et numériques de Guinée administré par le CEDUST. Elle est la plus grande base de données de ressources documentaires pour les Étudiants, Enseignants chercheurs et Chercheurs de Guinée.

Adresse

627 919 101/664 919 101

25 boulevard du commerce
Kaloum, Conakry, Guinée

Réseaux sociaux

Powered by Netsen Group @ 2025